000 01930cam a22004937a 4500
001 000092923
003 CHAP
005 20220329142911.0
008 050124d2004 mx a r 00110 spa d
010 _a89389
011 _a90361
035 _a100917
040 _cCHAP
090 _aTesis
100 0 0 _aMurillo Pérez, Martín.
_979762
245 1 0 _aControl del gusano alfilerillo (Diabrotica virgifera zeae K. & S), gusano trozador (agrotis ipsilon Hungafe) y gusano de alambre (Agriotes spp), con Brigadier SD (Bifentrina) en maíz (Zea Mayz L.), en Yurécuaro, Michoacán y Huamantla, Tlaxcala, México /
_c/por Martín Murillo Pérez.
260 _aChapingo, Méx. :
_bEl autor,
_c2004.
300 _a66 h. :
_bilus.
502 _aTesis (Ing. Agr. Esp. en Parasitología Agrícola) - - UACH. Departamento de Parasitología Agrícola
590 _aALEPH
_b10
_c20130110
_lUCH01
_h1503
590 _aBATCH-UPD
_b10
_c20130110
_lUCH01
_h0631
590 _aBATCH-UPD
_b10
_c20130110
_lUCH01
_h2303
590 _aBATCH-UPD
_b10
_c20130410
_lUCH01
_h0314
590 _aBATCH-UPD
_b10
_c20130914
_lUCH01
_h1042
590 _aBATCH-UPD
_b10
_c20140324
_lUCH01
_h1448
590 _aBATCH-UPD
_b10
_c20141002
_lUCH01
_h0824
590 _aCONVERSION
_b10
_c20130109
_lUCH01
_h1350
590 _aE792CSJ
_b10
_c20130620
_lUCH01
_h1209
650 1 4 _aAgrotis ipsilon.
_92217
650 1 4 _aControl de plagas.
_927595
650 1 4 _aDiabrotica virgifera.
_932387
650 1 4 _aInsecticidas.
_958855
650 1 4 _aMaíz
_xMichoacán.
_971019
650 1 4 _aMaíz
_xPlagas
_xControl.
_971035
650 1 4 _aMaíz
_xTlaxcala.
_971071
650 1 4 _aPesticidas.
_987536
856 _3Finding aid
_uhttp://10.13.5.2/tesis/100917.pdf
_zTeclea aquí
901 _aBK
905 _aLilia
942 _cCD
942 _n0
949 _aTesis
_bBC
_cTES
_d100917
_eTS1
_h43391
_i100917
_sb
949 _aTesis
_bBC
_cTES
_d33724000934345
_eTS2
_fc.2
_h43392
_i100917
_si
999 _c89389
_d89389